| 000 | 00348nam a2200109Ia 4500 | ||
|---|---|---|---|
| 008 | 171204s9999 xx 000 0 und d | ||
| 245 | _aAdvances in Chinese As a Second Language: Acquisition and Processing | ||
| 245 | _cNan Jiang | ||
| 260 | _c2014 | ||
| 650 | _xForeign Language 3 (Mandarin) | ||
| 856 | _uhttp://down.ebook777.com/050/1443853461.pdf | ||
| 999 |
_c346684 _d346684 |
||